000 00501nam a22001817a 4500
003 BD-DhUIB
005 20260602125127.0
008 260602b |||||||| |||| 00| 0 eng d
020 _a0199240612
040 _aBD-DhUIB
_cBD-DhUIB
082 _222
100 _aDore, Ronald.
_91118
245 _aStock market capitalism :
_bwelfare capitalism/
_cby Dore, Ronald.
260 _aNew york :
_bRead Japan project ,
_cc2000 .
300 _axiv, 264p. :
_billus. ;
_c22cm.
526 _aMBA
942 _2ddc
_cBK
999 _c718
_d718